[Event "Olomouc Chess Summer 2025 - A"]
[Site "Olomouc (CZE), Hotel Flora"]
[Date "2025.08.22"]
[Round "7"]
[Board "2"]
[White "Gnojek, Petr"]
[Black "Szwed, Jacek"]
[Result "1/2-1/2"]
[WhiteElo "2425"]
[BlackElo "2321"]
[PlyCount "0"]
[EventDate "2025.08.17"]
[EventRounds "9"]
[EventCountry "CZE"]

1. d4 Nf6 2. c4 e6 3. Nf3 h6 4. Nc3 Bb4 5. Bd2 c5 6. a3 Bxc3 7. Bxc3 Ne4 8. Qc2 Nxc3
9. Qxc3 cxd4 10. Nxd4 O-O 11. g3 d5 12. Nf3 dxc4 13. Bg2 Nc6 14. O-O Qf6 15. Rac1
Qxc3 16. Rxc3 Bd7 17. Rxc4 Rac8 18. Rfc1 Rfd8 19. h4 Kf8 20. e3 Ke7 21. b4 a5 22.
b5 Na7 23. a4 Rxc4 24. Rxc4 Rc8 25. Ne5 b6 26. Bb7 Rd8 27. Nc6+ Nxc6 28. bxc6 Bc8
29. Rc1 Kd6 30. c7 Rf8 31. Bf3 Bd7 32. Bb7 Bc8 33. Bf3  1/2-1/2

[Event "Olomouc Chess Summer 2025 - A"]
[Site "Olomouc (CZE), Hotel Flora"]
[Date "2025.08.22"]
[Round "7"]
[Board "4"]
[White "Cieslak, Patryk"]
[Black "Haba, Petr"]
[Result "1/2-1/2"]
[WhiteElo "2470"]
[BlackElo "2402"]
[PlyCount "0"]
[EventDate "2025.08.17"]
[EventRounds "9"]
[EventCountry "CZE"]

1. d4 d5 2. c4 e6 3. Nf3 Nf6 4. Nc3 Be7 5. Bf4 O-O 6. a3 c5 7. dxc5 Bxc5 8. e3 Nc6
9. Qc2 Qa5 10. Nd2 Bb4 11. cxd5 exd5 12. Rd1 Bxc3 13. Qxc3  1/2-1/2

[Event "Olomouc Chess Summer 2025 - A"]
[Site "Olomouc (CZE), Hotel Flora"]
[Date "2025.08.22"]
[Round "7"]
[Board "5"]
[White "Ernst, Robert"]
[Black "Simacek, Pavel"]
[Result "1-0"]
[WhiteElo "2365"]
[BlackElo "2399"]
[PlyCount "0"]
[EventDate "2025.08.17"]
[EventRounds "9"]
[EventCountry "CZE"]

1. d4 Nf6 2. c4 c5 3. d5 b5 4. cxb5 a6 5. e3 axb5 6. Bxb5 Qa5+ 7. Nc3 Bb7 8. Bd2
Qb6 9. a4 Nxd5 10. Nf3 e6 11. O-O Be7 12. e4 Nb4 13. Bf4 O-O 14. Ne5 d5 15. exd5
exd5 16. Re1 Qf6 17. Bg3 Bd6 18. Ng4 Qd8 19. Bxd6 Qxd6 20. Ne4 Qb6 21. Nef6+ Kh8
22. Qf3 gxf6 23. Nxf6 Ra6 24. Bxa6 Bxa6 25. Ra3 Bc8 26. Qf4 Nd7 27. Nxh7 Kxh7 28.
Rh3+ Kg7 29. Rg3+ Kh7 30. Qf5+ Qg6 31. Rxg6 fxg6 32. Re7+ Kh6 33. Qh3+ Kg5 34. Qg3+
Kf5 35. Qf3+ Kg5 36. h4+ Kxh4 37. Qg3+ Kh5 38. Rh7#  1-0

[Event "Olomouc Chess Summer 2025 - A"]
[Site "Olomouc (CZE), Hotel Flora"]
[Date "2025.08.23"]
[Round "8"]
[Board "2"]
[White "Haba, Petr"]
[Black "Ernst, Robert"]
[Result "1/2-1/2"]
[WhiteElo "2402"]
[BlackElo "2365"]
[PlyCount "0"]
[EventDate "2025.08.17"]
[EventRounds "9"]
[EventCountry "CZE"]

1. e4 e5 2. Nf3 Nf6 3. Nxe5 d6 4. Nf3 Nxe4 5. Bd3 d5 6. O-O Be7 7. Re1 Nd6 8. Nc3
c6 9. Qe2 Bg4 10. b3 Bxf3 11. Qxf3 O-O 12. Ba3 Nc8 13. Rxe7 Nxe7 14. Re1 Ng6 15.
Bxg6  1/2-1/2

[Event "Olomouc Chess Summer 2025 - A"]
[Site "Olomouc (CZE), Hotel Flora"]
[Date "2025.08.23"]
[Round "8"]
[Board "4"]
[White "Szwed, Jacek"]
[Black "Frank, Adam"]
[Result "1-0"]
[WhiteElo "2321"]
[BlackElo "2371"]
[PlyCount "0"]
[EventDate "2025.08.17"]
[EventRounds "9"]
[EventCountry "CZE"]

1. e4 c5 2. Nf3 d6 3. Bb5+ Nd7 4. O-O a6 5. Bxd7+ Bxd7 6. c3 Nf6 7. Re1 e6 8. d4
cxd4 9. cxd4 d5 10. e5 Ne4 11. Nfd2 Nxd2 12. Nxd2 Qb6 13. Qg4 h5 14. Qf4 g5 15. Qe3
g4 16. Nb3 Rc8 17. Qf4 Qd8 18. Be3 b6 19. Rac1 Rxc1 20. Rxc1 Bb5 21. Nd2 Bd3 22.
Qg3 Be7 23. Bf4 Bf5 24. Rc6 Kf8 25. Qb3 Kg7 26. Nf1 a5 27. Bd2 Qa8 28. Rxb6 Rc8 29.
Qe3 Bg6 30. Qh6+ Kg8 31. Bc3 Bf8 32. Qg5 Rc6 33. Rb5 Qa7 34. Qd8 Qc7 35. Qxc7 Rxc7
36. Rxa5 Kh7 37. f3 gxf3 38. gxf3 Bh6 39. Rc5 Ra7 40. a3 Bd3 41. Kf2 Kg6 42. Ra5
Rb7 43. Ne3 Bg5 44. a4 Bh4+ 45. Kg1 Bg5 46. Ng2 f6 47. exf6 Kxf6 48. Ra8 h4 49. h3
Rb6 50. Rc8 Ba6 51. Rc7 Rb3 52. Ra7 Bd3 53. f4 Bh6 54. a5 Bc4 55. Ra8 Kg7 56. a6
Rb6 57. a7 Ra6 58. Bb4 Bb5 59. Bc5 Bc6 60. Rc8  1-0

[Event "Olomouc Chess Summer 2025 - A"]
[Site "Olomouc (CZE), Hotel Flora"]
[Date "2025.08.23"]
[Round "8"]
[Board "5"]
[White "Kusa, Jakub"]
[Black "Gnojek, Petr"]
[Result "1-0"]
[WhiteElo "2387"]
[BlackElo "2425"]
[PlyCount "0"]
[EventDate "2025.08.17"]
[EventRounds "9"]
[EventCountry "CZE"]

1. d4 Nf6 2. Nf3 g6 3. Nc3 d5 4. Bf4 c6 5. e3 Bg7 6. Bd3 Bg4 7. h3 Bxf3 8. Qxf3 Nbd7
9. O-O-O Nh5 10. Bh2 Qa5 11. Kb1 Nhf6 12. Rhe1 O-O 13. e4 dxe4 14. Nxe4 Nxe4 15.
Qxe4 Rfe8 16. c3 e5 17. dxe5 Nxe5 18. Bc2 Kf8 19. Bb3 Qb5 20. Qe2 Qxe2 21. Rxe2 f6
22. Rd7 a5 23. Bxe5 Rxe5 24. Rxe5 fxe5 25. Rxb7 Re8 26. Rf7+ Kg8 27. Rf6+ Kh8 28.
Rxc6 e4 29. Bd5 Bh6 30. Ra6 Re5 31. Rxa5 Bd2 32. Ra8+ Kg7 33. Ra7+ Kh6 34. Ba8 Be1
35. Ra4 Bxf2 36. Rxe4  1-0

[Event "Olomouc Chess Summer 2025 - A"]
[Site "Olomouc (CZE), Hotel Flora"]
[Date "2025.08.24"]
[Round "9"]
[Board "3"]
[White "Cieslak, Patryk"]
[Black "Szwed, Jacek"]
[Result "1-0"]
[WhiteElo "2470"]
[BlackElo "2321"]
[PlyCount "0"]
[EventDate "2025.08.17"]
[EventRounds "9"]
[EventCountry "CZE"]

1. e4 e5 2. Nf3 Nf6 3. Nxe5 Nxe4 4. Qe2 Qe7 5. Qxe4 d6 6. d4 dxe5 7. dxe5 Nc6 8.
Nc3 Qxe5 9. Qxe5+ Nxe5 10. Nb5 Bb4+ 11. Bd2 Bxd2+ 12. Kxd2 Kd8 13. Re1 Ng4 14. Bc4
Bd7 15. Nc3 Re8 16. f4 f6 17. h3 Nh6 18. g4 Bc6 19. Rhg1 Kd7 20. Ne2 Kd6 21. Nd4
Bd7 22. a3 a6 23. b4 g6 24. Nb3 Rxe1 25. Rxe1 Re8 26. Nc5 Kc6 27. Be2  1-0

[Event "Olomouc Chess Summer 2025 - B1"]
[Site "Olomouc (CZE), Hotel Flora"]
[Date "2025.08.17"]
[Round "1"]
[Board "1"]
[White "Dziewonski, Dariusz"]
[Black "Cherniack, Alex"]
[Result "1-0"]
[WhiteElo "2256"]
[BlackElo "2175"]
[PlyCount "0"]
[EventDate "2025.08.17"]
[EventRounds "9"]
[EventCountry "CZE"]

1. e4 e6 2. d4 d5 3. Nc3 Bb4 4. e5 c5 5. Bd2 Ne7 6. Nb5 Bxd2+ 7. Qxd2 O-O 8. f4 a6
9. Nd6 cxd4 10. Nf3 Nbc6 11. Bd3 f6 12. O-O Bd7 13. Qe1 f5 14. b4 Qb6 15. Rb1 Na7
16. a4 Nac8 17. a5 Qc7 18. Nxc8 Rfxc8 19. Nxd4 b6 20. g4 fxg4 21. Bxh7+ Kxh7 22.
Qh4+ Kg8 23. Qxe7 bxa5 24. bxa5 Qc5 25. Qxc5 Rxc5 26. Rb7 Rd8 27. Rfb1 Rc4 28. R1b4
Rdc8 29. f5 Rxb4 30. Rxb4 exf5 31. e6 Bb5 32. Nxf5 Rc4 33. Rxb5 axb5 34. e7 Re4 35.
a6  1-0

[Event "Olomouc Chess Summer 2025 - B1"]
[Site "Olomouc (CZE), Hotel Flora"]
[Date "2025.08.17"]
[Round "1"]
[Board "2"]
[White "Manko, Mariia"]
[Black "Biolek, Richard Jr."]
[Result "1/2-1/2"]
[WhiteElo "2332"]
[BlackElo "2397"]
[PlyCount "0"]
[EventDate "2025.08.17"]
[EventRounds "9"]
[EventCountry "CZE"]

1. d4 Nf6 2. c4 g6 3. g3 c6 4. Bg2 d5 5. Nf3 Bg7 6. O-O O-O 7. Qb3 Qb6 8. Nc3 Rd8
9. Bd2 Be6 10. Na4 Qxb3 11. axb3 Na6 12. Rfc1 Ne4 13. Ba5 Rdc8 14. e3 Rab8 15. Be1
Nc7 16. Ne5 f6 17. Nd3 Bf7 18. Nac5 Nxc5 19. Nxc5 b6 20. Nd3 a5 21. c5 bxc5 22. Nxc5
Ne6 23. Rxa5 Nxc5 24. Raxc5 Rxb3 25. Bxd5 Bxd5 26. Rxd5 Rxb2 27. Rdc5 Rcb8 28. Rxc6
Rb1 29. Kg2 f5 30. Rxb1 Rxb1 31. Ba5 Rb5 32. Bb6 Kf7 33. Bc5 Rb7 34. h4 Rd7 35. Rb6
Bf6 36. Rb4 Rc7 37. f3 Rd7 38. e4 fxe4 39. fxe4 e6 40. Kf3 Bd8 41. e5 h5 42. Rb8
g5 43. hxg5 Bxg5 44. Rh8 Kg6 45. Ke4 Bh6 46. Bf8 Bd2 47. Bd6 Be1 48. Re8 Kf7 49.
Rf8+ Kg7 50. Rf3 Rf7 51. Re3 Bf2 52. Rb3 h4 53. g4 Bg3 54. Rf3 Rxf3 55. Kxf3 Be1
56. Kg2 Kg6 57. Kh3 Bf2 58. Bc5 Kh6 59. Kg2 Be3 60. Kf3 Bg1 61. Kg2 Be3 62. Kh3 Bf2
63. Bb6 Kg6 64. Bc5 Kh6 65. Be7 Bxd4 66. Bf6 Kg6 67. Kxh4 Bf2+ 68. Kh3 Bd4 69. Kg3
Bc3 70. Kf4 Bd2+ 71. Ke4 Bc3 72. Kd3 Bxe5 73. Bxe5  1/2-1/2

[Event "Olomouc Chess Summer 2025 - B1"]
[Site "Olomouc (CZE), Hotel Flora"]
[Date "2025.08.17"]
[Round "1"]
[Board "3"]
[White "Delgerdalai, Bayarjavkhlan"]
[Black "Wiley, Tom E"]
[Result "1-0"]
[WhiteElo "2380"]
[BlackElo "2112"]
[PlyCount "0"]
[EventDate "2025.08.17"]
[EventRounds "9"]
[EventCountry "CZE"]

1. e4 e6 2. d4 d5 3. Nc3 Bb4 4. e5 c5 5. a3 Bxc3+ 6. bxc3 Qc7 7. Nf3 b6 8. Bb5+ Bd7
9. a4 Bxb5 10. axb5 a5 11. bxa6 Rxa6 12. Rxa6 Nxa6 13. Qd3 c4 14. Qe3 h6 15. Nh4
Ne7 16. f4 Qd7 17. O-O Nf5 18. Nxf5 exf5 19. Ba3 Kd8 20. Bd6 Kc8 21. Rb1 Kb7 22.
Qf3 Kc6 23. Ra1 Ra8 24. Ra4 b5 25. Ra5 Qb7 26. Qd1 Nc7 27. Bxc7 Kxc7 28. Qa1 Rxa5
29. Qxa5+ Kb8 30. Qa3 g6 31. Kf2 h5 32. Qf8+ Ka7 33. Qc5+ Ka6 34. Qd6+ Ka5 35. Ke2
b4 36. cxb4+ Ka4 37. Qc5 Qb5 38. Qxb5+ Kxb5 39. c3  1-0

[Event "Olomouc Chess Summer 2025 - B1"]
[Site "Olomouc (CZE), Hotel Flora"]
[Date "2025.08.17"]
[Round "1"]
[Board "4"]
[White "Winter, Ondrej"]
[Black "Plischki, Sebastian"]
[Result "1/2-1/2"]
[WhiteElo "2274"]
[BlackElo "2269"]
[PlyCount "0"]
[EventDate "2025.08.17"]
[EventRounds "9"]
[EventCountry "CZE"]

1. e4 c5 2. Nf3 e6 3. c3 Nf6 4. e5 Nd5 5. d4 cxd4 6. cxd4 d6 7. Nc3 Nxc3 8. bxc3
Qc7 9. Bd2 Nd7 10. exd6 Bxd6 11. Bd3 O-O 12. O-O b6 13. Re1 Bb7 14. h3 Rac8 15. Qe2
Bf4 16. Bc1 Bxc1 17. Raxc1 Bxf3 18. Qxf3 Qd6 19. Qe3 Rfd8 20. Red1 Nf6 21. c4 g6
22. Be2 Kg7 23. g3 Rc7 24. f4 h5 25. Kf2 Rcd7 26. Rd3 Qc7 27. Bf3 Rd6 28. Qe5 R6d7
29. Qe3 Rd6 30. Qe5 R6d7 31. Ke3 Qxe5+ 32. fxe5 Ng8 33. a4 f6 34. exf6+ Nxf6 35.
Rdd1 Rc7 36. Be2 Ne8 37. c5 Nf6 38. Bf3 Rdc8 39. cxb6 axb6 40. Rxc7+ Rxc7 41. Kd3
Nd5 42. Bxd5  1/2-1/2

[Event "Olomouc Chess Summer 2025 - B1"]
[Site "Olomouc (CZE), Hotel Flora"]
[Date "2025.08.17"]
[Round "1"]
[Board "5"]
[White "Sochorova, Petra"]
[Black "Camarena Jimenez, Rufino"]
[Result "0-1"]
[WhiteElo "2076"]
[BlackElo "2290"]
[PlyCount "0"]
[EventDate "2025.08.17"]
[EventRounds "9"]
[EventCountry "CZE"]

1. e4 e6 2. d4 d5 3. Nc3 Nf6 4. Bg5 dxe4 5. Nxe4 Nbd7 6. Nf3 h6 7. Nxf6+ Nxf6 8.
Bd2 c5 9. Bb5+ Bd7 10. Qe2 Bxb5 11. Qxb5+ Qd7 12. Qxd7+ Nxd7 13. O-O cxd4 14. Nxd4
Be7 15. Rfe1 O-O 16. Rad1 Bf6 17. Bb4 Rfd8 18. Nb5 Nb6 19. Rxd8+ Rxd8 20. c3 Rd2
21. Nxa7 Rxb2 22. a3 Nd5 23. Nb5 Bd8 24. Nd6 Bb6 25. Ne4 Nf4 26. Rd1 Nd3 27. Kf1
Nxf2 28. Rd6 Ba7 29. Rd8+ Kh7 30. Nc5 Bxc5 31. Bxc5 Ne4 32. Bb4 e5 33. Rd7 Kg6 34.
Rxb7 Nxc3 35. Rc7 Nd5 36. Rc6+ f6 37. Bc5 Rc2 38. a4 Nb4 39. Rb6 Nd3 40. Be3 Ra2
41. Rd6 Nb2 42. Rd7 Nxa4 43. Ra7 h5 44. h4 Nc3 45. Rxa2 Nxa2 46. Bd2 Kf5 47. Ke2
Ke4 48. Ba5 Nc1+ 49. Kf1 Nd3 50. Bb6 Kf4 51. Ke2 e4 52. Bc7+ Kg4 53. Ke3 f5 54. g3
Nb4 55. Be5 g6 56. Ke2 Nd5 57. Bd6 f4 58. gxf4 Kxh4 59. Kf2 Kg4  0-1

[Event "Olomouc Chess Summer 2025 - B1"]
[Site "Olomouc (CZE), Hotel Flora"]
[Date "2025.08.18"]
[Round "2"]
[Board "1"]
[White "Cherniack, Alex"]
[Black "Camarena Jimenez, Rufino"]
[Result "0-1"]
[WhiteElo "2175"]
[BlackElo "2290"]
[PlyCount "0"]
[EventDate "2025.08.17"]
[EventRounds "9"]
[EventCountry "CZE"]

1. e4 e6 2. d4 d5 3. e5 c5 4. c3 Nc6 5. Nf3 Bd7 6. Be2 Nge7 7. Na3 cxd4 8. cxd4 Nf5
9. Nc2 Rc8 10. O-O Be7 11. b3 O-O 12. Bd3 a6 13. Rb1 f6 14. Bb2 fxe5 15. dxe5 Bc5
16. Qd2 Nh4 17. Ng5 h6 18. Nh3 Be8 19. Kh1 Bg6 20. f4 Qe8 21. g3 Bxd3 22. Qxd3 Qg6
23. Qxg6 Nxg6 24. Rfd1 Nge7 25. Ng1 Nf5 26. Ne2 Rc7 27. Rd3 Nb4 28. g4  0-1

[Event "Olomouc Chess Summer 2025 - B1"]
[Site "Olomouc (CZE), Hotel Flora"]
[Date "2025.08.18"]
[Round "2"]
[Board "2"]
[White "Plischki, Sebastian"]
[Black "Sochorova, Petra"]
[Result "1-0"]
[WhiteElo "2269"]
[BlackElo "2076"]
[PlyCount "0"]
[EventDate "2025.08.17"]
[EventRounds "9"]
[EventCountry "CZE"]

1. d4 Nf6 2. c4 e6 3. Nc3 Bb4 4. e3 c5 5. Nge2 d5 6. a3 cxd4 7. axb4 dxc3 8. Nxc3
O-O 9. cxd5 exd5 10. b5 Nbd7 11. Be2 Nc5 12. Bf3 Bf5 13. O-O Bd3 14. Be2 Bc4 15.
Ra3 Qb6 16. Bxc4 dxc4 17. Qd4 Rac8 18. Qxc4 Rfd8 19. Qe2 h6 20. e4 Ne6 21. Be3 Nd4
22. Bxd4 Qxd4 23. h3 Re8 24. Re1 Re7 25. Qe3 Qxe3 26. Rxe3 b6 27. e5 Ne8 28. f4 g6
29. Kf2 Kg7 30. Kf3 h5 31. g4 hxg4+ 32. hxg4 Rd7 33. g5 Rc4 34. e6 fxe6 35. Rxe6
Kf7 36. Rc6 Rcd4 37. Ne4 Rb4 38. Nf6 Nxf6 39. Rxf6+ Kg7 40. Re3 Rxb5 41. Ree6 Rf7
42. Rxg6+ Kf8 43. Kg4 Rxb2 44. Rgf6 Rxf6 45. Rxf6+ Kg7 46. Rc6 a5 47. Rc7+ Kf8 48.
g6 a4 49. Kg5 Rb5+ 50. Kh6 Rc5 51. Rxc5 bxc5 52. Kh7  1-0

[Event "Olomouc Chess Summer 2025 - B1"]
[Site "Olomouc (CZE), Hotel Flora"]
[Date "2025.08.18"]
[Round "2"]
[Board "3"]
[White "Wiley, Tom E"]
[Black "Winter, Ondrej"]
[Result "0-1"]
[WhiteElo "2112"]
[BlackElo "2274"]
[PlyCount "0"]
[EventDate "2025.08.17"]
[EventRounds "9"]
[EventCountry "CZE"]

1. d4 Nf6 2. c4 g6 3. Nc3 d5 4. Nf3 Bg7 5. cxd5 Nxd5 6. e4 Nxc3 7. bxc3 c5 8. Be3
Qa5 9. Qd2 Nc6 10. Rb1 a6 11. Rc1 cxd4 12. cxd4 Qxd2+ 13. Kxd2 e6 14. Bd3 O-O 15.
Ke2 Rd8 16. Rc4 Bd7 17. Rb1 Be8 18. Rb6 Rd7 19. h4 h5 20. Rb1 Rad8 21. Bg5 Rc8 22.
e5 Rdc7 23. Rbc1 Bf8 24. Rb1 b5 25. Rc2 Nb4 26. Rxc7 Rxc7 27. Rb2 Nxd3 28. Kxd3 b4
29. Rc2 Bb5+ 30. Kd2 Rc4 31. Bd8 Bh6+ 32. Bg5 Bxg5+ 33. hxg5 Kf8 34. g3 Ke7 35. Ne1
Rxd4+ 36. Ke3 Rc4 37. Rd2 a5 38. Nf3 Bc6 39. Nd4 Bd5 40. f4 Rc3+ 41. Kf2 Ra3  0-1

[Event "Olomouc Chess Summer 2025 - B1"]
[Site "Olomouc (CZE), Hotel Flora"]
[Date "2025.08.18"]
[Round "2"]
[Board "4"]
[White "Biolek, Richard Jr."]
[Black "Delgerdalai, Bayarjavkhlan"]
[Result "1/2-1/2"]
[WhiteElo "2397"]
[BlackElo "2380"]
[PlyCount "0"]
[EventDate "2025.08.17"]
[EventRounds "9"]
[EventCountry "CZE"]

1. e4 c5 2. Nf3 d6 3. d4 cxd4 4. Nxd4 Nf6 5. Nc3 a6 6. Bg5 e6 7. Qf3 Nbd7 8. O-O-O
Qc7 9. Qg3 b5 10. Bxb5 axb5 11. Ndxb5 Qb8 12. Nxd6+ Bxd6 13. Rxd6 Ra6 14. Rxa6 Bxa6
15. Qxb8+ Nxb8 16. Rd1 Nbd7 17. Bf4 e5 18. Be3 Ke7 19. Nd5+ Nxd5 20. exd5 Kd6 21.
b3 Rc8 22. Bd2 Kc5 23. Be3+ Kd6 24. Bd2 Kc5 25. Be3+  1/2-1/2

[Event "Olomouc Chess Summer 2025 - B1"]
[Site "Olomouc (CZE), Hotel Flora"]
[Date "2025.08.18"]
[Round "2"]
[Board "5"]
[White "Dziewonski, Dariusz"]
[Black "Manko, Mariia"]
[Result "1-0"]
[WhiteElo "2256"]
[BlackElo "2332"]
[PlyCount "0"]
[EventDate "2025.08.17"]
[EventRounds "9"]
[EventCountry "CZE"]

1. e4 c5 2. Nf3 Nc6 3. d4 cxd4 4. Nxd4 Nf6 5. Nc3 e5 6. Ndb5 d6 7. Bg5 a6 8. Na3
b5 9. Nd5 Be7 10. Bxf6 Bxf6 11. c3 Bg5 12. Nc2 Rb8 13. a4 bxa4 14. Ncb4 Nxb4 15.
Nxb4 Bd7 16. Bxa6 O-O 17. Qxd6 Be7 18. Qxe5 Bxb4 19. cxb4 Rxb4 20. O-O Qb6 21. Qe7
Bc6 22. Rac1 Rxb2 23. Bc4 Qb7 24. Qxb7 Bxb7 25. f3 a3 26. Rfd1 g6 27. Rd7 a2 28.
Bxa2 Rxa2 29. Rxb7 Rd8 30. Kh1 Rdd2 31. Rg1 g5 32. Rb5 h6 33. h3 Kg7 34. Kh2 Kg6
35. Rb6+ Kg7 36. Kg3 Re2 37. Rb5 Kg6 38. Rf5 Ra3 39. Kh2 Raa2 40. h4 Rab2 41. h5+
Kg7 42. Kh3 Ra2 43. g3 Rh2+ 44. Kg4 Rae2 45. Ra5 Ref2 46. Ra7 Rfg2 47. Rxg2 Rxg2
48. e5 Re2 49. f4 gxf4 50. gxf4 Re1 51. Kf5 Re2 52. Re7 Rh2 53. Kg4 Kf8 54. Ra7 Re2
55. Kf5 Kg7 56. Ra1 Rb2 57. Rg1+ Kf8 58. Re1 Ke7 59. Ra1 Rb6 60. Rd1 Rb8 61. Rd6
Rh8 62. Ra6 Rh7 63. Ra7+ Kf8 64. Kf6 Ke8 65. f5  1-0

[Event "Olomouc Chess Summer 2025 - B1"]
[Site "Olomouc (CZE), Hotel Flora"]
[Date "2025.08.18"]
[Round "3"]
[Board "1"]
[White "Manko, Mariia"]
[Black "Cherniack, Alex"]
[Result "1-0"]
[WhiteElo "2332"]
[BlackElo "2175"]
[PlyCount "0"]
[EventDate "2025.08.17"]
[EventRounds "9"]
[EventCountry "CZE"]

1. d4 Nf6 2. c4 g6 3. g3 Bg7 4. Bg2 d5 5. Nf3 O-O 6. O-O c6 7. Qb3 a5 8. cxd5 a4
9. Qd1 cxd5 10. Nc3 Ne4 11. Nd2 Nxc3 12. bxc3 Qa5 13. Qc2 Nc6 14. e4 dxe4 15. Nxe4
Rd8 16. Rb1 h6 17. Be3 Bf5 18. Rxb7 e5 19. d5 Rxd5 20. Qe2 Rc8 21. Bxh6 Bxe4 22.
Qxe4 Rc5 23. Be3 Rb5 24. Rxb5 Qxb5 25. Rb1 Qa5 26. Bh3 Rb8 27. Rxb8+ Nxb8 28. Qb7
Na6 29. Qa8+ Kh7 30. Bf1  1-0

[Event "Olomouc Chess Summer 2025 - B1"]
[Site "Olomouc (CZE), Hotel Flora"]
[Date "2025.08.18"]
[Round "3"]
[Board "2"]
[White "Delgerdalai, Bayarjavkhlan"]
[Black "Dziewonski, Dariusz"]
[Result "1/2-1/2"]
[WhiteElo "2380"]
[BlackElo "2256"]
[PlyCount "0"]
[EventDate "2025.08.17"]
[EventRounds "9"]
[EventCountry "CZE"]

1. e4 e5 2. Nf3 Nf6 3. d4 Nxe4 4. Bd3 d5 5. Nxe5 Nd7 6. Nc3 Nxc3 7. bxc3 Bd6 8. O-O
O-O 9. Re1 c5 10. Qf3 c4 11. Bf5 Nxe5 12. dxe5 Re8 13. Bxc8 Rxc8 14. Bg5 Be7 15.
e6 fxe6 16. Rxe6 Bxg5 17. Rxe8+ Qxe8 18. Qxd5+ Kh8 19. Qxg5 Qe2 20. Rc1 h6 21. Qe3
Re8 22. Qxe2 Rxe2 23. Kf1 Re5 24. Rb1 Ra5 25. Rb2 a6 26. Ke2 b5 27. Ke3 Ra3 28. Kd4
h5 29. Kc5 g6 30. Kb4 Ra4+ 31. Kc5 Ra3 32. Kb4 Ra4+  1/2-1/2

[Event "Olomouc Chess Summer 2025 - B1"]
[Site "Olomouc (CZE), Hotel Flora"]
[Date "2025.08.18"]
[Round "3"]
[Board "3"]
[White "Winter, Ondrej"]
[Black "Biolek, Richard Jr."]
[Result "1/2-1/2"]
[WhiteElo "2274"]
[BlackElo "2397"]
[PlyCount "0"]
[EventDate "2025.08.17"]
[EventRounds "9"]
[EventCountry "CZE"]

1. e4 c5 2. Nf3 e6 3. Nc3 Nc6 4. g3 d6 5. Bg2 Nf6 6. O-O Be7 7. Re1 O-O 8. d4 e5
9. d5 Nb8 10. Nd2 Bg4 11. f3 Bh5 12. Nc4 Nbd7 13. a4 Ne8 14. Qd3 Nb6 15. Ne3 Bg5
16. Rf1 Bxe3+ 17. Bxe3 f6 18. a5 Nc8 19. Bh3 Nc7 20. f4 Re8 21. Qc4 Bf7 22. b4 b6
23. Rab1 Ne7 24. bxc5 bxc5 25. Rb7 exf4 26. Bxf4 Nc6 27. Qa4 Ne5 28. Rfb1 Re7 29.
Qb3 Re8 30. Bxe5 fxe5 31. Nb5 Nxb5 32. Qxb5 Qg5 33. Bg2 Re7 34. Rxe7 Qxe7 35. Qb7
Qd8 36. a6 h6 37. h4 Be8 38. Bh3 Bg6 39. Rf1 Kh7 40. Bf5 Bxf5 41. exf5 Qe8 42. Qc7
Qd8 43. Qf7 Qe8 44. Qe6 Rd8 45. Kg2 Qh5 46. f6 Rf8 47. f7 Qe2+ 48. Rf2 Qe4+ 49. Kh2
Qe3 50. Qf5+ Kh8 51. Kg2 Qd4 52. Qe6 Qe4+ 53. Kh2 Qe3 54. Rg2 Qf3 55. Qxd6 Qxf7 56.
Qxc5 e4 57. c4 Re8 58. Rf2 Qh5 59. Qe3 Qe5 60. Re2 Rf8 61. Qxa7 Rf3 62. Qg1 Ra3 63.
Qg2 e3 64. Qf3 Qd4 65. Qf8+ Kh7 66. Qf5+ Kg8 67. Qc8+ Kh7 68. Qf5+ Kg8 69. Qf4 Qd1
70. Qf3 Qd4 71. Kh3 Kh7 72. Qf5+ Kg8 73. Qe6+ Kh7 74. Qf5+ Kg8 75. Qg4 Qd3 76. Qf3
Qd4 77. g4 Qxc4 78. Rxe3 Rxe3 79. Qxe3 Qxa6 80. Qe8+ Kh7 81. Qe4+ Kg8 82. Kg3 Qd6+
83. Kf3 Qf6+ 84. Qf4 Qxh4 85. d6 Qh1+ 86. Ke3 Qd5 87. Ke2 g5 88. Qf6 Qe4+ 89. Kf2
Qxg4 90. Qd8+ Kf7 91. Qe7+ Kg6 92. d7 Qd4+ 93. Ke2 Qc4+ 94. Ke3 Qc3+ 95. Kf2 Qd2+
 1/2-1/2

[Event "Olomouc Chess Summer 2025 - B1"]
[Site "Olomouc (CZE), Hotel Flora"]
[Date "2025.08.18"]
[Round "3"]
[Board "4"]
[White "Sochorova, Petra"]
[Black "Wiley, Tom E"]
[Result "1-0"]
[WhiteElo "2076"]
[BlackElo "2112"]
[PlyCount "0"]
[EventDate "2025.08.17"]
[EventRounds "9"]
[EventCountry "CZE"]

1. e4 e6 2. d4 d5 3. Nc3 Bb4 4. e5 c5 5. Qg4 Ne7 6. dxc5 Nbc6 7. Bd2 O-O 8. O-O-O
Bxc5 9. Nf3 Ng6 10. Qh5 Bd7 11. Kb1 f6 12. exf6 gxf6 13. Nxd5 Bxf2 14. Nf4 Nge5 15.
Nxe5 fxe5 16. Bd3 Rf7 17. Nh3 Qh4 18. Qe2 Bb6 19. Ng5 Rg7 20. g3 Qa4 21. Qh5  1-0

[Event "Olomouc Chess Summer 2025 - B1"]
[Site "Olomouc (CZE), Hotel Flora"]
[Date "2025.08.19"]
[Round "4"]
[Board "1"]
[White "Cherniack, Alex"]
[Black "Plischki, Sebastian"]
[Result "0-1"]
[WhiteElo "2175"]
[BlackElo "2269"]
[PlyCount "0"]
[EventDate "2025.08.17"]
[EventRounds "9"]
[EventCountry "CZE"]

1. d4 Nf6 2. c4 g6 3. Nc3 Bg7 4. e4 d6 5. Be2 O-O 6. Bg5 Na6 7. Nf3 h6 8. Be3 e5
9. O-O Qe7 10. d5 Ng4 11. Bd2 f5 12. h3 Nf6 13. exf5 gxf5 14. Nh4 Kh7 15. f4 e4 16.
Be1 Rg8 17. Qd2 Bd7 18. Nd1 Raf8 19. Ne3 Ne8 20. Rd1 c5 21. dxc6 bxc6 22. Kh2 Nac7
23. g4 fxg4 24. hxg4 Rf7 25. b3 Rgf8 26. Nef5 Bxf5 27. Nxf5 Rxf5 28. gxf5 d5 29.
Qe3 Rxf5 30. Bg3 Nf6 31. Qxa7 Nh5 32. Bxh5 Rxh5+ 33. Kg2 e3 34. Rde1 d4 35. Rf3 Rf5
36. b4 Rf7 37. Qa5 Qe4 38. Qh5 Rf5 39. Qg4 Ne8 40. Bh4 Nd6 41. Kh3 Rf7 42. f5 Qxg4+
43. Kxg4 Nxc4 44. Bg3 Bf8 45. Bf4 Bxb4 46. Rh1 Rg7+ 47. Kh5 e2 48. Bxh6 Rg2 49. Rb3
c5 50. Bg5 Kg7 51. a3 Nxa3 52. Ra1 Rf2 53. Rc1 Rxf5 54. Rxb4 cxb4 55. Rc7+ Kf8 56.
Rc8+ Kf7 57. Rc7+ Ke6 58. Re7+ Kd5 59. Rxe2 d3 60. Rd2 Kd4  0-1

[Event "Olomouc Chess Summer 2025 - B1"]
[Site "Olomouc (CZE), Hotel Flora"]
[Date "2025.08.19"]
[Round "4"]
[Board "2"]
[White "Wiley, Tom E"]
[Black "Camarena Jimenez, Rufino"]
[Result "1/2-1/2"]
[WhiteElo "2112"]
[BlackElo "2290"]
[PlyCount "0"]
[EventDate "2025.08.17"]
[EventRounds "9"]
[EventCountry "CZE"]

1. d4 Nf6 2. c4 g6 3. Nc3 Bg7 4. e4 d6 5. Nf3 O-O 6. Be2 e5 7. O-O Nbd7 8. Re1 Re8
9. Bf1 c6 10. d5 c5 11. a3 Kh8 12. b4 a6 13. Rb1 Ng8 14. Bd3 Rf8 15. Qc2 b6 16. Bd2
Ne7 17. bxc5 bxc5 18. Na4 h6 19. Bc3 f5 20. Nd2 f4 21. Be2 h5 22. Rb3 g5 23. f3 Ng6
24. Reb1 Ra7 25. Nf1 Bh6 26. Be1 Rg8 27. Kh1 Nf6 28. Nb6 g4 29. Nxc8 Qxc8 30. Rb6
Qd7 31. Rb8 Ne8 32. Qb3 Bg5 33. Rb7 Rxb7 34. Qxb7 Qa4 35. Qb3 Qd7 36. Qb7 Qa4 37.
Qb3 Qd7  1/2-1/2

[Event "Olomouc Chess Summer 2025 - B1"]
[Site "Olomouc (CZE), Hotel Flora"]
[Date "2025.08.19"]
[Round "4"]
[Board "3"]
[White "Biolek, Richard Jr."]
[Black "Sochorova, Petra"]
[Result "1-0"]
[WhiteElo "2397"]
[BlackElo "2076"]
[PlyCount "0"]
[EventDate "2025.08.17"]
[EventRounds "9"]
[EventCountry "CZE"]

1. d4 Nf6 2. c4 e6 3. g3 Bb4+ 4. Bd2 Qe7 5. Nf3 Nc6 6. Nc3 d6 7. Bg2 Bxc3 8. Bxc3
Ne4 9. Rc1 O-O 10. d5 Nxc3 11. Rxc3 Nb8 12. dxe6 fxe6 13. O-O Nd7 14. Nd2 a5 15.
Ne4 Rb8 16. Qd4 b6 17. Re3 e5 18. Qd2 Bb7 19. b3 Bxe4 20. Bxe4 Rf6 21. Qd3 h6 22.
Rf3 Rxf3 23. Qxf3 Rf8 24. Qe3 Nf6 25. h3 Nxe4 26. Qxe4 Qg5 27. Kg2 Rf7 28. e3 Qf6
29. f3 Qf5 30. Qxf5 Rxf5 31. e4 Rf7 32. f4 g6 33. f5 g5 34. g4 Kg7 35. h4 gxh4 36.
Rh1 Kf6 37. Rxh4 Rh7 38. Rh5 Kg7 39. Kg3 Rh8 40. g5 Rh7 41. Kg4 a4 42. b4 c6 43.
a3 b5 44. cxb5 cxb5 45. Rxh6 Rxh6 46. gxh6+ Kxh6 47. Kh4 Kg7 48. Kg5 Kf7 49. f6 d5
50. exd5 e4 51. Kf4  1-0